[Event "Blitz 2018"]
[Site "Saint-Petersburg"]
[Date "2018.12.29"]
[Round "11"]
[Board "42"]
[White "Vokhidov Shamsiddin (UZB)"]
[Black "Antipov Mikhail Al. (RUS)"]
[Result "1-0"]
[LiveChessVersion "1.4.8"]
[BlackElo "2604"]
[WhiteElo "2414"]

1. e4 {[%clk 0:03:03]} e6 {[%clk 0:03:03]} 2. d4 {[%clk 0:03:04]} d5
{[%clk 0:03:04]} 3. Nd2 {[%clk 0:03:05]} h6 {[%clk 0:03:05]} 4. c3
{[%clk 0:03:01]} c5 {[%clk 0:03:04]} 5. exd5 {[%clk 0:02:55]} Qxd5
{[%clk 0:02:56]} 6. Ngf3 {[%clk 0:02:55]} cxd4 {[%clk 0:02:39]} 7. Bc4
{[%clk 0:02:56]} Qd7 {[%clk 0:02:25]} 8. Nxd4 {[%clk 0:02:43]} Nc6
{[%clk 0:02:18]} 9. Nxc6 {[%clk 0:02:38]} Qxc6 {[%clk 0:02:11]} 10. O-O
{[%clk 0:02:38]} a6 {[%clk 0:02:00]} 11. Qe2 {[%clk 0:02:19]} Nf6
{[%clk 0:01:36]} 12. Nf3 {[%clk 0:02:20]} Bd6 {[%clk 0:01:08]} 13. Be3
{[%clk 0:02:07]} b5 {[%clk 0:00:53]} 14. Bd3 {[%clk 0:02:07]} Bb7
{[%clk 0:00:54]} 15. Bd4 {[%clk 0:01:59]} Ng4 {[%clk 0:00:33]} 16. h3
{[%clk 0:01:04]} Nh2 {[%clk 0:00:28]} 17. Be4 {[%clk 0:00:58]} Qxe4
{[%clk 0:00:25]} 18. Qxe4 {[%clk 0:00:59]} Bxe4 19. Nxh2 {[%clk 0:01:00]} f6
{[%clk 0:00:15]} 20. Rfe1 {[%clk 0:00:59]} Bd5 {[%clk 0:00:17]} 21. Ng4
{[%clk 0:00:59]} Kf7 {[%clk 0:00:17]} 22. Ne3 {[%clk 0:00:58]} Bc6
{[%clk 0:00:18]} 23. c4 {[%clk 0:00:59]} e5 {[%clk 0:00:10]} 24. Bb6
{[%clk 0:00:43]} bxc4 {[%clk 0:00:09]} 25. Red1 {[%clk 0:00:41]} Be7
{[%clk 0:00:08]} 26. Nxc4 {[%clk 0:00:42]} Ke6 {[%clk 0:00:06]} 27. Be3
{[%clk 0:00:39]} Bb5 {[%clk 0:00:05]} 28. Na5 {[%clk 0:00:38]} Rhd8
{[%clk 0:00:05]} 29. b3 {[%clk 0:00:38]} Ba3 {[%clk 0:00:05]} 30. Nb7
{[%clk 0:00:35]} Rxd1+ {[%clk 0:00:04]} 31. Rxd1 {[%clk 0:00:36]} Rc8
{[%clk 0:00:05]} 32. Rd2 {[%clk 0:00:31]} f5 {[%clk 0:00:05]} 33. f3
{[%clk 0:00:25]} Bc1 {[%clk 0:00:04]} 34. Rd6+ {[%clk 0:00:23]} Ke7
{[%clk 0:00:05]} 35. Bxc1 {[%clk 0:00:18]} Rxc1+ {[%clk 0:00:06]} 36. Kh2
{[%clk 0:00:19]} Bc6 {[%clk 0:00:05]} 37. Rg6 {[%clk 0:00:17]} Bd5
{[%clk 0:00:03]} 38. Na5 {[%clk 0:00:12]} f4 {[%clk 0:00:04]} 39. Rxg7+
{[%clk 0:00:12]} Kf6 {[%clk 0:00:05]} 40. Rd7 {[%clk 0:00:13]} Ke6
{[%clk 0:00:06]} 41. Rh7 {[%clk 0:00:06]} Rc2 {[%clk 0:00:07]} 42. Rxh6+
{[%clk 0:00:07]} Kf5 {[%clk 0:00:06]} 43. Rh5+ {[%clk 0:00:06]} Kf6
{[%clk 0:00:06]} 44. Kg1 {[%clk 0:00:06]} Rxa2 {[%clk 0:00:06]} 45. Nc4
{[%clk 0:00:06]} Re2 {[%clk 0:00:05]} 46. Rh6+ {[%clk 0:00:07]} Ke7
{[%clk 0:00:04]} 47. Rxa6 {[%clk 0:00:07]} e4 {[%clk 0:00:05]} 48. Nb6
{[%clk 0:00:05]} Bc6 {[%clk 0:00:03]} 49. Ra7+ {[%clk 0:00:03]} Ke6
{[%clk 0:00:04]} 50. Rc7 {[%clk 0:00:04]} Kd6 {[%clk 0:00:05]} 51. Rf7
{[%clk 0:00:04]} e3 {[%clk 0:00:04]} 52. Nc4+ {[%clk 0:00:05]} Kc5
{[%clk 0:00:04]} 53. Rxf4 {[%clk 0:00:05]} Re1+ {[%clk 0:00:05]} 54. Kh2
{[%clk 0:00:05]} e2 {[%clk 0:00:04]} 55. Rf5+ {[%clk 0:00:07]} Kd4
{[%clk 0:00:04]} 56. Re5 {[%clk 0:00:07]} Kd3 {[%clk 0:00:03]} 57. Kg3
{[%clk 0:00:07]} Kd4 {[%clk 0:00:03]} 58. Kf2 {[%clk 0:00:06]} Rb1
{[%clk 0:00:04]} 59. Rxe2 {[%clk 0:00:07]} Bb5 {[%clk 0:00:04]} 60. Rd2+
{[%clk 0:00:06]} Kc3 {[%clk 0:00:05]} 61. Rd8 {[%clk 0:00:06]} Rxb3
{[%clk 0:00:06]} 62. Ne3 {[%clk 0:00:06]} Kb4 {[%clk 0:00:05]} 63. Rd4+
{[%clk 0:00:07]} Kc5 {[%clk 0:00:06]} 64. Rd5+ {[%clk 0:00:08]} Kc6
{[%clk 0:00:07]} 65. Rd2 {[%clk 0:00:10]} Kc5 {[%clk 0:00:06]} 66. h4
{[%clk 0:00:10]} Rb4 {[%clk 0:00:07]} 67. g4 {[%clk 0:00:11]} Bc6
{[%clk 0:00:07]} 68. Kg3 {[%clk 0:00:10]} Rb3 {[%clk 0:00:08]} 69. Kf2
{[%clk 0:00:11]} Rb4 {[%clk 0:00:10]} 70. Rc2+ {[%clk 0:00:11]} Kd6
{[%clk 0:00:10]} 71. Nf5+ {[%clk 0:00:12]} Kd7 {[%clk 0:00:10]} 72. Rd2+
{[%clk 0:00:12]} Ke8 {[%clk 0:00:11]} 73. h5 {[%clk 0:00:11]} Kf7
{[%clk 0:00:05]} 74. Kg3 {[%clk 0:00:11]} Ra4 {[%clk 0:00:05]} 75. Re2
{[%clk 0:00:10]} Ra3 {[%clk 0:00:05]} 76. Re3 {[%clk 0:00:11]} Ra1
{[%clk 0:00:06]} 77. g5 {[%clk 0:00:11]} Ra4 {[%clk 0:00:05]} 78. Re7+
{[%clk 0:00:12]} Kf8 {[%clk 0:00:06]} 79. Rc7 {[%clk 0:00:13]} Bd5
{[%clk 0:00:04]} 80. g6 {[%clk 0:00:14]} Be6 {[%clk 0:00:04]} 81. Nd6
{[%clk 0:00:12]} Ra5 {[%clk 0:00:04]} 82. Kh4 {[%clk 0:00:10]} Rd5
{[%clk 0:00:05]} 83. Ne4 {[%clk 0:00:11]} Rf5 {[%clk 0:00:06]} 84. h6
{[%clk 0:00:11]} Rxf3 {[%clk 0:00:05]} 85. h7 {[%clk 0:00:12]} Rh3+
{[%clk 0:00:03]} 86. Kg5 {[%clk 0:00:13]} Ke8 {[%clk 0:00:03]} 87. Kf6
{[%clk 0:00:13]} Bg4 {[%clk 0:00:03]} 88. Nd6+ {[%clk 0:00:13]} Kd8
{[%clk 0:00:04]} 89. Ra7 {[%clk 0:00:14]} Be6 {[%clk 0:00:04]} 90. Kxe6
{[%clk 0:00:14]} Re3+ {[%clk 0:00:05]} 91. Ne4 {[%clk 0:00:14]} Rxe4+
{[%clk 0:00:06]} 92. Kf5 {[%clk 0:00:16]} 1-0

[Event "Blitz 2018"]
[Site "Saint-Petersburg"]
[Date "2018.12.29"]
[Round "11"]
[Board "43"]
[White "Gordievsky Dmitry (RUS)"]
[Black "Tsoi Dmitry (RUS)"]
[Result "0-1"]
[LiveChessVersion "1.4.8"]
[BlackElo "2387"]
[WhiteElo "2591"]

1. Nf3 {[%clk 0:03:03]} f5 {[%clk 0:03:04]} 2. d4 {[%clk 0:02:55]} Nf6
{[%clk 0:03:04]} 3. Bf4 {[%clk 0:02:56]} e6 {[%clk 0:03:05]} 4. e3
{[%clk 0:02:57]} d5 {[%clk 0:03:06]} 5. Be2 {[%clk 0:02:50]} Be7 {[%clk 0:03:07]}
6. O-O {[%clk 0:02:50]} c6 {[%clk 0:03:07]} 7. c4 {[%clk 0:02:49]} O-O
{[%clk 0:03:08]} 8. Nc3 {[%clk 0:02:49]} Nbd7 {[%clk 0:03:06]} 9. h3
{[%clk 0:02:48]} Ne4 {[%clk 0:03:07]} 10. Bh2 {[%clk 0:02:45]} b6
{[%clk 0:02:55]} 11. Qc2 {[%clk 0:02:37]} Bb7 {[%clk 0:02:55]} 12. Rab1
{[%clk 0:02:35]} a5 {[%clk 0:02:36]} 13. Rbc1 {[%clk 0:02:31]} Rc8
{[%clk 0:02:27]} 14. Qb3 {[%clk 0:02:27]} Bd6 {[%clk 0:02:09]} 15. Bxd6
{[%clk 0:02:14]} Nxd6 {[%clk 0:02:10]} 16. cxd5 {[%clk 0:01:46]} exd5
{[%clk 0:02:03]} 17. Na4 {[%clk 0:01:46]} f4 {[%clk 0:01:19]} 18. exf4
{[%clk 0:01:40]} Rxf4 {[%clk 0:01:17]} 19. a3 {[%clk 0:01:20]} b5
{[%clk 0:01:07]} 20. Nc5 {[%clk 0:01:15]} Nxc5 {[%clk 0:01:07]} 21. Rxc5
{[%clk 0:00:57]} a4 {[%clk 0:00:56]} 22. Qe3 {[%clk 0:00:56]} Qf6
{[%clk 0:00:51]} 23. Ne5 {[%clk 0:00:49]} Re4 {[%clk 0:00:46]} 24. Qd2
{[%clk 0:00:44]} Nf5 {[%clk 0:00:40]} 25. f4 {[%clk 0:00:26]} Nxd4
{[%clk 0:00:35]} 26. Bd1 {[%clk 0:00:12]} Ne6 {[%clk 0:00:30]} 27. Rc3
{[%clk 0:00:11]} Nxf4 {[%clk 0:00:23]} 28. Nd7 {[%clk 0:00:07]} Qg5
{[%clk 0:00:17]} 29. Nc5 {[%clk 0:00:05]} Nxh3+ {[%clk 0:00:17]} 30. Rg3
{[%clk 0:00:03]} Qxd2+ 31. Rxh3 {[%clk 0:00:03]} Qd4+ {[%clk 0:00:14]} 32. Nxb7
{[%clk 0:00:04]} Rh4+ {[%clk 0:00:13]} 33. Kh1 {[%clk 0:00:03]} Rxh3+
{[%clk 0:00:14]} 34. Nd6 {[%clk 0:00:02]} Rd8+ {[%clk 0:00:15]} 35. gxh3
{[%clk 0:00:05]} Qe4+ {[%clk 0:00:16]} 36. Nf5 {[%clk 0:00:06]} Rf8+
{[%clk 0:00:14]} 37. Kg1 {[%clk 0:00:05]} h5 {[%clk 0:00:11]} 38. Bg4 0-1

[Event "Blitz 2018"]
[Site "Saint-Petersburg"]
[Date "2018.12.29"]
[Round "11"]
[Board "44"]
[White "Fedoseev Vladimir (RUS)"]
[Black "Jumabayev Rinat (KAZ)"]
[Result "1/2-1/2"]
[LiveChessVersion "1.4.8"]
[BlackElo "2554"]
[WhiteElo "2750"]

1. a3 {[%clk 0:03:04]} e5 {[%clk 0:03:03]} 2. c4 {[%clk 0:03:04]} Nf6
{[%clk 0:03:03]} 3. d3 {[%clk 0:03:05]} a5 {[%clk 0:02:55]} 4. Nf3
{[%clk 0:03:04]} Nc6 {[%clk 0:02:56]} 5. b3 {[%clk 0:02:58]} d5 {[%clk 0:02:55]}
6. cxd5 {[%clk 0:02:58]} Nxd5 {[%clk 0:02:56]} 7. Bb2 {[%clk 0:02:58]} f6
{[%clk 0:02:56]} 8. g3 {[%clk 0:02:46]} Be6 {[%clk 0:02:51]} 9. Bg2
{[%clk 0:02:47]} Qd7 {[%clk 0:02:51]} 10. Nbd2 {[%clk 0:02:46]} Be7
{[%clk 0:02:52]} 11. O-O {[%clk 0:02:44]} O-O {[%clk 0:02:52]} 12. Rc1
{[%clk 0:02:45]} Rfd8 {[%clk 0:02:48]} 13. Ne4 {[%clk 0:02:38]} Nb6
{[%clk 0:02:10]} 14. Nfd2 {[%clk 0:02:35]} Bf8 {[%clk 0:02:08]} 15. f4
{[%clk 0:02:32]} exf4 {[%clk 0:01:46]} 16. Bxf6 {[%clk 0:02:24]} Re8
{[%clk 0:01:39]} 17. Bb2 {[%clk 0:01:40]} Nd5 {[%clk 0:01:39]} 18. Qe1
{[%clk 0:01:25]} Bh3 {[%clk 0:01:21]} 19. Bxh3 {[%clk 0:01:08]} Qxh3
{[%clk 0:01:22]} 20. Rf3 {[%clk 0:00:58]} Qg4 {[%clk 0:00:23]} 21. Kh1
{[%clk 0:00:59]} Ne5 {[%clk 0:00:21]} 22. Rf1 {[%clk 0:00:47]} fxg3
{[%clk 0:00:18]} 23. Qxg3 {[%clk 0:00:45]} Qxg3 {[%clk 0:00:19]} 24. hxg3
{[%clk 0:00:45]} c6 {[%clk 0:00:18]} 25. Nc4 {[%clk 0:00:28]} Ng4
{[%clk 0:00:19]} 26. Rf3 {[%clk 0:00:21]} Re6 {[%clk 0:00:15]} 27. Kg2
{[%clk 0:00:19]} a4 {[%clk 0:00:14]} 28. bxa4 {[%clk 0:00:17]} Rxa4
{[%clk 0:00:13]} 29. Rc2 {[%clk 0:00:10]} b5 {[%clk 0:00:11]} 30. Rxf8+
{[%clk 0:00:09]} Kxf8 {[%clk 0:00:12]} 31. Nc5 {[%clk 0:00:10]} bxc4
{[%clk 0:00:10]} 32. Nxe6+ Ke7 33. Nc5 {[%clk 0:00:08]} Nge3+ {[%clk 0:00:10]}
34. Kf3 {[%clk 0:00:09]} Nxc2 {[%clk 0:00:10]} 35. Nxa4 {[%clk 0:00:10]} cxd3
{[%clk 0:00:08]} 36. exd3 {[%clk 0:00:11]} g5 {[%clk 0:00:06]} 37. Kg4
{[%clk 0:00:10]} h6 {[%clk 0:00:06]} 38. Kh5 {[%clk 0:00:08]} Ke6
{[%clk 0:00:05]} 39. Nc5+ {[%clk 0:00:09]} Kf5 {[%clk 0:00:06]} 40. g4+
{[%clk 0:00:10]} Kf4 {[%clk 0:00:08]} 41. Ne6+ {[%clk 0:00:10]} Kf3
{[%clk 0:00:09]} 42. Nd4+ {[%clk 0:00:11]} Nxd4 {[%clk 0:00:10]} 43. Bxd4
{[%clk 0:00:12]} Nf4+ {[%clk 0:00:10]} 44. Kxh6 {[%clk 0:00:13]} Kxg4
{[%clk 0:00:11]} 45. a4 {[%clk 0:00:14]} Nxd3 {[%clk 0:00:12]} 46. a5
{[%clk 0:00:16]} Nb4 {[%clk 0:00:13]} 47. Be3 {[%clk 0:00:16]} Kf3
{[%clk 0:00:12]} 48. Bxg5 {[%clk 0:00:17]} c5 {[%clk 0:00:12]} 49. Be7
{[%clk 0:00:15]} Na6 {[%clk 0:00:13]} 50. Bxc5 {[%clk 0:00:15]} 1/2-1/2

[Event "Blitz 2018"]
[Site "Saint-Petersburg"]
[Date "2018.12.29"]
[Round "11"]
[Board "45"]
[White "Sjugirov Sanan (RUS)"]
[Black "Huzman Alexander (ISR)"]
[Result "1-0"]
[LiveChessVersion "1.4.8"]
[BlackElo "2543"]
[WhiteElo "2748"]

1. Nf3 {[%clk 0:03:02]} Nf6 {[%clk 0:03:04]} 2. g3 {[%clk 0:03:03]} g6
{[%clk 0:03:05]} 3. Bg2 {[%clk 0:02:56]} Bg7 {[%clk 0:03:06]} 4. O-O
{[%clk 0:02:51]} O-O {[%clk 0:03:07]} 5. d3 {[%clk 0:02:49]} d5 {[%clk 0:03:07]}
6. Nbd2 {[%clk 0:02:49]} c5 {[%clk 0:03:08]} 7. e4 {[%clk 0:02:49]} Nc6
{[%clk 0:03:09]} 8. c3 {[%clk 0:02:48]} b6 {[%clk 0:03:07]} 9. exd5
{[%clk 0:02:42]} Nxd5 {[%clk 0:03:07]} 10. Nc4 {[%clk 0:02:40]} Bb7
{[%clk 0:03:02]} 11. a4 {[%clk 0:02:37]} Qc7 {[%clk 0:02:55]} 12. Re1
{[%clk 0:02:37]} Rfd8 {[%clk 0:02:47]} 13. Qb3 {[%clk 0:02:35]} Rab8
{[%clk 0:02:47]} 14. a5 {[%clk 0:02:28]} Ba8 {[%clk 0:02:40]} 15. axb6
{[%clk 0:02:29]} axb6 {[%clk 0:02:41]} 16. Qb5 {[%clk 0:02:04]} Na7
{[%clk 0:02:28]} 17. Qa6 {[%clk 0:02:04]} Nc6 {[%clk 0:02:29]} 18. Qb5
{[%clk 0:01:47]} Na7 {[%clk 0:02:28]} 19. Qa4 {[%clk 0:01:47]} Nc6
{[%clk 0:02:28]} 20. Na3 {[%clk 0:01:45]} Qd7 {[%clk 0:02:08]} 21. Bg5
{[%clk 0:01:37]} h6 {[%clk 0:01:54]} 22. Bd2 {[%clk 0:01:38]} Nd4
{[%clk 0:01:16]} 23. Qxd7 {[%clk 0:01:37]} Nxf3+ {[%clk 0:01:17]} 24. Bxf3 Rxd7
25. Nc4 {[%clk 0:01:34]} Bc6 {[%clk 0:01:18]} 26. Bxh6 {[%clk 0:01:25]} Nb4
{[%clk 0:01:05]} 27. Bxg7 {[%clk 0:01:00]} Bxf3 {[%clk 0:00:49]} 28. cxb4
{[%clk 0:00:57]} f6 {[%clk 0:00:36]} 29. Bh6 {[%clk 0:00:51]} b5 {[%clk 0:00:37]}
30. Nd2 {[%clk 0:00:51]} 1-0

[Event "Blitz 2018"]
[Site "Saint-Petersburg"]
[Date "2018.12.29"]
[Round "11"]
[Board "46"]
[White "Demidov Mikhail (RUS)"]
[Black "Bocharov Ivan (RUS)"]
[Result "1-0"]
[LiveChessVersion "1.4.8"]
[BlackElo "2715"]
[WhiteElo "2546"]

1. Nf3 {[%clk 0:03:03]} Nf6 {[%clk 0:03:04]} 2. d4 {[%clk 0:03:04]} d5
{[%clk 0:03:04]} 3. Bf4 {[%clk 0:03:05]} e6 {[%clk 0:03:02]} 4. e3
{[%clk 0:03:07]} Bd6 {[%clk 0:03:03]} 5. Bg3 {[%clk 0:03:08]} O-O
{[%clk 0:03:00]} 6. Bd3 {[%clk 0:03:10]} b6 {[%clk 0:03:01]} 7. O-O
{[%clk 0:03:10]} Ba6 {[%clk 0:03:03]} 8. Bh4 {[%clk 0:03:04]} c5 {[%clk 0:02:49]}
9. Bxa6 {[%clk 0:03:05]} Nxa6 {[%clk 0:02:50]} 10. c3 {[%clk 0:03:06]} Nb8
{[%clk 0:02:46]} 11. Nbd2 {[%clk 0:03:06]} Nbd7 {[%clk 0:02:47]} 12. e4
{[%clk 0:02:55]} cxd4 {[%clk 0:02:35]} 13. Nxd4 {[%clk 0:02:56]} Qb8
{[%clk 0:02:31]} 14. exd5 {[%clk 0:02:47]} Nxd5 {[%clk 0:02:29]} 15. Bg3
{[%clk 0:02:43]} Bxg3 {[%clk 0:02:28]} 16. hxg3 {[%clk 0:02:44]} Nc5
{[%clk 0:02:29]} 17. Qe2 {[%clk 0:02:35]} Qb7 {[%clk 0:02:27]} 18. Rfd1
{[%clk 0:02:31]} Rfd8 {[%clk 0:02:27]} 19. N2f3 {[%clk 0:02:32]} Na4
{[%clk 0:02:22]} 20. Rd2 {[%clk 0:02:20]} h6 {[%clk 0:02:17]} 21. c4
{[%clk 0:02:16]} Nf6 {[%clk 0:02:16]} 22. Re1 {[%clk 0:01:30]} Rd6
{[%clk 0:01:58]} 23. Nb5 {[%clk 0:01:18]} Rxd2 {[%clk 0:01:59]} 24. Qxd2
{[%clk 0:01:19]} a6 {[%clk 0:02:00]} 25. Nbd4 {[%clk 0:01:08]} Rd8
{[%clk 0:02:00]} 26. Qc2 {[%clk 0:00:56]} Nc5 {[%clk 0:01:59]} 27. b3
{[%clk 0:00:51]} a5 {[%clk 0:01:57]} 28. Rd1 {[%clk 0:00:45]} Qe4
{[%clk 0:01:57]} 29. Qc1 {[%clk 0:00:36]} Ng4 {[%clk 0:01:42]} 30. Re1
{[%clk 0:00:22]} Qg6 {[%clk 0:01:43]} 31. Nc6 {[%clk 0:00:16]} Re8
{[%clk 0:01:31]} 32. Nce5 {[%clk 0:00:13]} Nxe5 {[%clk 0:01:26]} 33. Nxe5
{[%clk 0:00:14]} Qf5 {[%clk 0:01:25]} 34. Qd2 {[%clk 0:00:15]} Qf6
{[%clk 0:01:08]} 35. Nf3 {[%clk 0:00:15]} Rd8 {[%clk 0:01:07]} 36. Qe2
{[%clk 0:00:15]} Qc3 {[%clk 0:00:56]} 37. Rd1 {[%clk 0:00:16]} Rxd1+
{[%clk 0:00:54]} 38. Qxd1 {[%clk 0:00:17]} Nd3 {[%clk 0:00:55]} 39. Qe2
{[%clk 0:00:11]} e5 {[%clk 0:00:48]} 40. g4 {[%clk 0:00:08]} Qc1+
{[%clk 0:00:44]} 41. Kh2 {[%clk 0:00:06]} e4 {[%clk 0:00:29]} 42. Qxe4
{[%clk 0:00:07]} Nxf2 {[%clk 0:00:25]} 43. Qe8+ {[%clk 0:00:08]} Kh7
{[%clk 0:00:26]} 44. Qxf7 {[%clk 0:00:04]} Qh1+ 45. Kg3 Ne4+ {[%clk 0:00:28]} 46.
Kf4 {[%clk 0:00:07]} Nf6 {[%clk 0:00:29]} 47. g5 {[%clk 0:00:07]} Qc1+
{[%clk 0:00:29]} 48. Kf5 {[%clk 0:00:07]} Qc2+ {[%clk 0:00:30]} 49. Ke6
{[%clk 0:00:08]} Qe4+ {[%clk 0:00:29]} 50. Kd6 {[%clk 0:00:07]} Qf4+
{[%clk 0:00:25]} 51. Kc6 {[%clk 0:00:07]} hxg5 {[%clk 0:00:27]} 52. Qc7
{[%clk 0:00:04]} Qc1 {[%clk 0:00:11]} 53. Qh2+ {[%clk 0:00:04]} Kg6
{[%clk 0:00:11]} 54. Kxb6 {[%clk 0:00:04]} g4 {[%clk 0:00:12]} 55. Ne5+
{[%clk 0:00:05]} Kf5 {[%clk 0:00:13]} 56. Nc6 {[%clk 0:00:05]} Qe3+
{[%clk 0:00:14]} 57. Kb5 {[%clk 0:00:06]} g3 {[%clk 0:00:14]} 58. Qh3+
{[%clk 0:00:07]} Ke4 {[%clk 0:00:15]} 59. Qe6+ {[%clk 0:00:08]} Kd3
{[%clk 0:00:16]} 60. Qf5+ {[%clk 0:00:07]} Ke2 {[%clk 0:00:16]} 61. c5
{[%clk 0:00:06]} Ne4 {[%clk 0:00:17]} 62. Kb6 {[%clk 0:00:05]} g5
{[%clk 0:00:18]} 63. Nxa5 {[%clk 0:00:05]} Qf4 {[%clk 0:00:14]} 64. Qe6
{[%clk 0:00:04]} Kf2 {[%clk 0:00:15]} 65. c6 {[%clk 0:00:05]} Qb8+
{[%clk 0:00:16]} 66. Nb7 {[%clk 0:00:07]} Qf4 {[%clk 0:00:11]} 67. c7
{[%clk 0:00:07]} Qe3+ {[%clk 0:00:12]} 68. Kc6 {[%clk 0:00:07]} Qc1+
{[%clk 0:00:12]} 69. Kd7 {[%clk 0:00:06]} Qd2+ {[%clk 0:00:09]} 70. Ke8
{[%clk 0:00:05]} Qe3 {[%clk 0:00:05]} 71. c8=Q {[%clk 0:00:05]} Kxg2
{[%clk 0:00:06]} 72. Qcc6 {[%clk 0:00:06]} Kf3 {[%clk 0:00:07]} 73. Qf5+
{[%clk 0:00:08]} 1-0

[Event "Blitz 2018"]
[Site "Saint-Petersburg"]
[Date "2018.12.29"]
[Round "11"]
[Board "47"]
[White "Frolyanov Dmitry (RUS)"]
[Black "Shirov Alexei (ESP)"]
[Result "0-1"]
[LiveChessVersion "1.4.8"]
[BlackElo "2699"]
[WhiteElo "2557"]

1. e4 {[%clk 0:03:03]} e5 {[%clk 0:03:03]} 2. Nf3 {[%clk 0:03:03]} Nc6
{[%clk 0:03:05]} 3. Bb5 {[%clk 0:03:04]} a6 {[%clk 0:03:06]} 4. Ba4
{[%clk 0:03:05]} Nf6 {[%clk 0:03:07]} 5. O-O {[%clk 0:03:05]} b5 {[%clk 0:03:08]}
6. Bb3 {[%clk 0:03:06]} Bc5 {[%clk 0:03:09]} 7. c3 {[%clk 0:03:04]} d6
{[%clk 0:03:10]} 8. a4 {[%clk 0:02:59]} Rb8 {[%clk 0:03:11]} 9. d4
{[%clk 0:02:59]} Bb6 {[%clk 0:03:12]} 10. a5 {[%clk 0:02:59]} Ba7
{[%clk 0:03:13]} 11. h3 {[%clk 0:02:54]} O-O {[%clk 0:03:13]} 12. Be3
{[%clk 0:02:48]} Ra8 {[%clk 0:03:13]} 13. Nbd2 {[%clk 0:02:43]} h6
{[%clk 0:03:12]} 14. Qc2 {[%clk 0:02:31]} Re8 {[%clk 0:02:57]} 15. Rfe1
{[%clk 0:02:30]} Bb7 {[%clk 0:02:37]} 16. dxe5 {[%clk 0:02:18]} Nxe5
{[%clk 0:02:32]} 17. Nxe5 {[%clk 0:02:17]} Rxe5 {[%clk 0:02:32]} 18. Bxa7
{[%clk 0:02:17]} Rxa7 {[%clk 0:02:32]} 19. f4 {[%clk 0:02:12]} Re7
{[%clk 0:02:18]} 20. e5 {[%clk 0:01:42]} Qe8 21. Rf1 {[%clk 0:01:42]} dxe5
{[%clk 0:01:06]} 22. fxe5 {[%clk 0:00:34]} Nd5 {[%clk 0:01:00]} 23. Rf3
{[%clk 0:00:14]} c5 {[%clk 0:00:59]} 24. Ne4 {[%clk 0:00:09]} c4 25. Ba2
{[%clk 0:00:07]} Rxe5 {[%clk 0:00:56]} 26. Nd6 {[%clk 0:00:08]} Re1+
{[%clk 0:00:41]} 27. Rf1 Qe3+ 28. Kh1 {[%clk 0:00:08]} Rxa1 {[%clk 0:00:34]} 29.
Rxa1 {[%clk 0:00:09]} Nf4 {[%clk 0:00:33]} 30. Nxb7 {[%clk 0:00:09]} Rxb7
{[%clk 0:00:33]} 31. Rd1 {[%clk 0:00:10]} Nd3 {[%clk 0:00:32]} 32. Rf1
{[%clk 0:00:11]} Re7 {[%clk 0:00:32]} 33. Bb1 {[%clk 0:00:12]} Qe2
{[%clk 0:00:27]} 34. Kg1 Qxc2 {[%clk 0:00:24]} 35. Bxc2 {[%clk 0:00:10]} Nxb2 36.
Rb1 {[%clk 0:00:04]} Nd3 {[%clk 0:00:25]} 37. Rd1 Re3 0-1

[Event "Blitz 2018"]
[Site "Saint-Petersburg"]
[Date "2018.12.29"]
[Round "11"]
[Board "48"]
[White "Alekseenko Kirill (RUS)"]
[Black "Tukhaev Adam (UKR)"]
[Result "0-1"]
[LiveChessVersion "1.4.8"]
[BlackElo "2529"]
[WhiteElo "2665"]

1. d4 {[%clk 0:03:03]} g6 {[%clk 0:03:03]} 2. e4 {[%clk 0:03:04]} d6
{[%clk 0:03:03]} 3. Nc3 {[%clk 0:03:04]} Nf6 {[%clk 0:03:03]} 4. f4
{[%clk 0:03:05]} Bg7 {[%clk 0:03:04]} 5. Nf3 {[%clk 0:03:06]} O-O
{[%clk 0:03:04]} 6. Bd3 {[%clk 0:03:07]} Na6 {[%clk 0:03:04]} 7. O-O
{[%clk 0:03:07]} c5 {[%clk 0:03:05]} 8. d5 {[%clk 0:03:08]} Bg4 {[%clk 0:03:06]}
9. Bc4 {[%clk 0:03:07]} Nc7 {[%clk 0:02:53]} 10. Qd3 {[%clk 0:03:06]} a6
{[%clk 0:02:47]} 11. a4 {[%clk 0:02:59]} b6 {[%clk 0:02:19]} 12. h3
{[%clk 0:02:45]} Bxf3 {[%clk 0:02:20]} 13. Qxf3 {[%clk 0:02:41]} Nd7
{[%clk 0:02:16]} 14. Bd2 {[%clk 0:02:31]} Qb8 {[%clk 0:02:17]} 15. h4
{[%clk 0:02:13]} Qb7 {[%clk 0:02:16]} 16. h5 {[%clk 0:02:03]} b5 {[%clk 0:02:16]}
17. Be2 {[%clk 0:02:00]} f5 {[%clk 0:01:12]} 18. Qg3 {[%clk 0:01:15]} b4
{[%clk 0:01:12]} 19. hxg6 {[%clk 0:01:07]} bxc3 {[%clk 0:01:03]} 20. Bxc3
{[%clk 0:01:03]} Bxc3 {[%clk 0:00:54]} 21. gxh7+ {[%clk 0:01:03]} Kh8
{[%clk 0:00:53]} 22. Qxc3+ {[%clk 0:01:04]} Nf6 {[%clk 0:00:53]} 23. e5
{[%clk 0:00:53]} Ne4 {[%clk 0:00:54]} 24. Qh3 {[%clk 0:00:49]} Qxd5
{[%clk 0:00:51]} 25. Rad1 {[%clk 0:00:50]} Qe6 {[%clk 0:00:51]} 26. Bf3
{[%clk 0:00:48]} d5 {[%clk 0:00:35]} 27. c4 {[%clk 0:00:47]} dxc4
{[%clk 0:00:33]} 28. g4 {[%clk 0:00:29]} fxg4 {[%clk 0:00:31]} 29. Bxg4
{[%clk 0:00:30]} Qg6 {[%clk 0:00:32]} 30. f5 {[%clk 0:00:26]} Qg5
{[%clk 0:00:32]} 31. Rde1 {[%clk 0:00:21]} Nd2 {[%clk 0:00:28]} 32. Rf2
{[%clk 0:00:23]} Nd5 {[%clk 0:00:26]} 33. Rd1 {[%clk 0:00:16]} Ne4
{[%clk 0:00:18]} 34. Rxd5 {[%clk 0:00:05]} Nxf2 {[%clk 0:00:19]} 35. Kxf2
{[%clk 0:00:06]} Rab8 {[%clk 0:00:21]} 36. Qf3 {[%clk 0:00:03]} Rxb2+ 37. Kg3 Rb3
{[%clk 0:00:21]} 0-1

[Event "Blitz 2018"]
[Site "Saint-Petersburg"]
[Date "2018.12.29"]
[Round "11"]
[Board "50"]
[White "Van Foreest Jorden (NED)"]
[Black "Zubritskiy Artyom (RUS)"]
[Result "1-0"]
[LiveChessVersion "1.4.8"]
[BlackElo "2513"]
[WhiteElo "2657"]

1. c4 {[%clk 0:03:02]} e6 {[%clk 0:03:00]} 2. Nc3 {[%clk 0:03:02]} d5
{[%clk 0:02:56]} 3. d4 {[%clk 0:03:02]} dxc4 {[%clk 0:02:53]} 4. Nf3
{[%clk 0:03:00]} Nf6 {[%clk 0:02:47]} 5. e4 {[%clk 0:03:00]} c5 {[%clk 0:02:48]}
6. Bxc4 {[%clk 0:02:51]} cxd4 {[%clk 0:02:47]} 7. Nxd4 {[%clk 0:02:51]} a6
{[%clk 0:02:47]} 8. O-O {[%clk 0:02:42]} Qc7 {[%clk 0:02:02]} 9. Bb3
{[%clk 0:02:26]} Be7 {[%clk 0:01:35]} 10. Be3 {[%clk 0:02:20]} O-O
{[%clk 0:01:31]} 11. Rc1 {[%clk 0:02:20]} Qa5 {[%clk 0:01:29]} 12. f4
{[%clk 0:02:11]} Rd8 {[%clk 0:01:23]} 13. e5 {[%clk 0:02:08]} Ne8
{[%clk 0:01:23]} 14. Ne4 {[%clk 0:01:57]} Nc6 {[%clk 0:01:15]} 15. Nxc6
{[%clk 0:01:55]} bxc6 {[%clk 0:01:15]} 16. Qg4 {[%clk 0:01:44]} Rb8
{[%clk 0:00:49]} 17. Kh1 {[%clk 0:01:40]} Qb4 {[%clk 0:00:25]} 18. Rc4
{[%clk 0:01:35]} Qb5 {[%clk 0:00:22]} 19. h4 {[%clk 0:01:21]} a5 {[%clk 0:00:21]}
20. Rf3 {[%clk 0:01:20]} a4 {[%clk 0:00:17]} 21. Rxa4 {[%clk 0:01:16]} Qe2
{[%clk 0:00:17]} 22. Ra7 {[%clk 0:01:11]} Rb7 {[%clk 0:00:17]} 23. Rxb7
{[%clk 0:01:08]} Bxb7 {[%clk 0:00:18]} 24. f5 {[%clk 0:01:06]} Qe1+
{[%clk 0:00:17]} 25. Kh2 {[%clk 0:01:05]} Qxh4+ {[%clk 0:00:15]} 26. Qxh4
{[%clk 0:01:06]} Bxh4 {[%clk 0:00:16]} 27. fxe6 {[%clk 0:01:07]} 1-0